| Tag |
First Indicator |
Second Indicator |
Subfields |
| LEADER |
00000cam a2200000 a 4500 |
| 001 |
in00000017957 |
| 005 |
20151007053116.0 |
| 007 |
he bmb||||||| |
| 008 |
880122r19871986oru bb 00010 eng d |
| 035 |
|
|
|a (OCoLC)17375272
|
| 035 |
|
|
|9 AAB0436AM
|
| 040 |
|
|
|a ORU
|c MIA
|d MIA
|d HPE
|d UtOrBLW
|
| 043 |
|
|
|a n-us-ia
|
| 049 |
|
|
|a TXAI
|
| 099 |
|
|
|a fiche
|a C
|a 10399
|
| 100 |
1 |
|
|a Becker, Steven C.
|
| 245 |
1 |
0 |
|a Perceptions of Iowa public school teachers and principals toward a teaching career ladder model /
|c by Steven C. Becker.
|
| 264 |
|
1 |
|a [Place of publication not identified] :
|b [publisher not identified] ;
|c 1986.
|
| 300 |
|
|
|a xvii, 281 leaves.
|
| 336 |
|
|
|a text
|b txt
|2 rdacontent
|
| 337 |
|
|
|a microform
|b h
|2 rdamedia
|
| 338 |
|
|
|a microfiche
|b he
|2 rdacarrier
|
| 502 |
|
|
|b Ph. D.
|c University of Iowa
|d 1986.
|
| 504 |
|
|
|a Bibliography: leaves 280-281.
|
| 533 |
|
|
|a Microfiche.
|b Eugene :
|c Microform Publications, College of Human Development and Performance, University of Oregon,
|d 1987.
|e 4 microfiches : negative ; 11 x 15 cm.
|
| 500 |
|
|
|a Microform.
|
| 650 |
|
0 |
|a Career development
|x Psychological aspects.
|
| 650 |
|
0 |
|a Teachers
|x Salaries, etc.
|
| 650 |
|
0 |
|a Teachers
|z Iowa
|x Attitudes.
|
| 650 |
|
0 |
|a School principals
|z Iowa
|x Attitudes.
|
| 999 |
|
|
|a MARS
|
| 999 |
f |
f |
|s 1e8b7e80-d7e8-34c6-8727-1c2281a887cf
|i ba5841c4-4fa2-3609-80bb-55873e28a02e
|t 0
|
| 952 |
f |
f |
|p default
|a Texas A&M University
|b College Station
|c Sterling C. Evans Library
|d Evans: Microforms (3rd floor)
|t 0
|e fiche C 10399
|h Other scheme
|i microform -- microfiche
|
| 998 |
f |
f |
|a fiche C 10399
|t 0
|l Evans: Microforms (3rd floor)
|